[Event "FICGS class G 000017 email"]
[Site "FICGS email"]
[Date "2007.08.12"]
[Round "1"]
[White "Neatham, Graeme"]
[Black "Frame, Jeremy"]
[Result "1-0"]
[WhiteElo "1119"]
[BlackElo "1123"]
[PlyCount "23"]
[EventDate "2007.??.??"]
[EventType "tourn (corr)"]
[EventRounds "4"]
[SourceTitle "Corr 2022"]
[Source "ChessBase"]
[SourceDate "2021.10.24"]
[SourceVersion "1"]
[SourceVersionDate "2021.10.24"]
[SourceQuality "1"]

1. c4 e5 2. Nc3 Nf6 3. g3 Bc5 4. e3 Nc6 5. Bg2 0-0 6. Nge2 d6 7. 0-0 Be6 8. d4 exd4 9. exd4 Bb4 10. d5 Bg4 11. dxc6 bxc6 12. Bxc6 1-0

[Event "LSS BI-2007-P-00014"]
[Site "LSS email"]
[Date "2007.04.23"]
[Round "?"]
[White "Neatham, Graeme"]
[Black "Luise, Massimo"]
[Result "0-1"]
[WhiteElo "903"]
[BlackElo "1961"]
[PlyCount "24"]
[EventDate "2007.04.23"]
[EventType "tourn (corr)"]
[EventRounds "10"]
[EventCountry "GER"]
[SourceTitle "Corr 2015"]
[Source "ChessBase"]
[SourceDate "2015.07.17"]
[SourceVersion "1"]
[SourceVersionDate "2015.07.17"]
[SourceQuality "1"]

1. Nf3 Nf6 2. b3 d6 3. Bb2 e5 4. d3 Be7 5. e3 0-0 6. Be2 Nc6 7. 0-0 Be6 8. Nbd2 Qd7 9. c4 Rfe8 10. a3 a5 11. Qc2 Bf5 12. e4 Bg6 0-1

[Event "FICGS class G 000008 email"]
[Site "FICGS email"]
[Date "2006.11.02"]
[Round "1"]
[White "Neatham, Graeme"]
[Black "Wright, Adam"]
[Result "1-0"]
[WhiteElo "1177"]
[BlackElo "986"]
[PlyCount "39"]
[EventDate "2006.??.??"]
[EventType "tourn (corr)"]
[EventRounds "4"]
[SourceTitle "Corr 2022"]
[Source "ChessBase"]
[SourceDate "2021.10.24"]
[SourceVersion "1"]
[SourceVersionDate "2021.10.24"]
[SourceQuality "1"]

1. c4 e5 2. Nc3 c6 3. g3 d5 4. d3 Bc5 5. Bg2 Be6 6. Qb3 Qb6 7. Qxb6 axb6 8. Nf3 f6 9. cxd5 cxd5 10. Nb5 Na6 11. 0-0 Ne7 12. Bd2 0-0 13. b4 Bd7 14. bxc5 Bxb5 15. cxb6 Rfc8 16. Bh3 Rc2 17. Rfc1 Rxc1+ 18. Rxc1 Nb8 19. Be6+ Kh8 20. Bxd5 1-0

[Event "IECC CL7-2006.14 email"]
[Site "IECC email"]
[Date "2006.09.03"]
[Round "?"]
[White "Neatham, Graeme"]
[Black "Wood, Brian B"]
[Result "1/2-1/2"]
[WhiteElo "1156"]
[BlackElo "1052"]
[PlyCount "57"]
[EventDate "2006.??.??"]
[EventType "tourn (corr)"]
[EventRounds "4"]
[SourceTitle "Corr 2008"]
[Source "ChessBase"]
[SourceDate "2008.06.24"]
[SourceVersion "1"]
[SourceVersionDate "2008.06.24"]
[SourceQuality "1"]

1. Nf3 c5 2. c4 Nc6 3. g3 e6 4. Bg2 Nf6 5. 0-0 Be7 6. Nc3 0-0 7. d3 d5 8. cxd5 exd5 9. e3 Bf5 10. d4 Ne4 11. Qb3 Nxc3 12. bxc3 Na5 13. Qb2 Rc8 14. Ne5 f6 15. g4 Be4 16. f3 cxd4 17. exd4 fxe5 18. fxe4 Rxf1+ 19. Kxf1 exd4 20. cxd4 dxe4 21. Bxe4 Bf6 22. Bf5 Rc6 23. Be3 g6 24. Bc2 Qd5 25. Bb3 Nxb3 26. Qxb3 Qxb3 27. axb3 a6 28. Bf2 Rc3 29. Rb1 1/2-1/2

[Event "IECG OP.2006.0.00137"]
[Site "IECG email"]
[Date "2006.09.02"]
[Round "?"]
[White "Neatham, Graeme"]
[Black "Yangibayev, N."]
[Result "0-1"]
[WhiteElo "947"]
[BlackElo "800"]
[PlyCount "30"]
[EventDate "2006.08.31"]
[EventType "tourn (corr)"]
[EventRounds "6"]
[SourceTitle "Corr 2022"]
[Source "ChessBase"]
[SourceDate "2021.10.24"]
[SourceVersion "1"]
[SourceVersionDate "2021.10.24"]
[SourceQuality "1"]

1. Nf3 c6 2. c4 d5 3. e3 Nf6 4. Nc3 Bg4 5. cxd5 cxd5 6. Qa4+ Bd7 7. Bb5 Nc6 8. Nd4 e6 9. Nxc6 bxc6 10. Bxc6 Bxc6 11. Qxc6+ Nd7 12. b3 Be7 13. Qa4 0-0 14. Bb2 Nc5 15. Qd4 Nd7 0-1

[Event "FICGS rapid C 000008 email"]
[Site "FICGS email"]
[Date "2006.08.24"]
[Round "1"]
[White "Baudement, Julien"]
[Black "Neatham, Graeme"]
[Result "0-1"]
[WhiteElo "1137"]
[BlackElo "947"]
[PlyCount "62"]
[EventDate "2006.??.??"]
[EventType "tourn (rapid)"]
[EventRounds "4"]
[SourceTitle "Corr 2022"]
[Source "ChessBase"]
[SourceDate "2021.10.24"]
[SourceVersion "1"]
[SourceVersionDate "2021.10.24"]
[SourceQuality "1"]

1. Nf3 d5 2. d4 Nf6 3. c4 g6 4. Nc3 Bg7 5. e3 0-0 6. b4 Bf5 7. Bd3 Ne4 8. 0-0 Nxc3 9. Qc2 Ne4 10. cxd5 Qxd5 11. Bc4 Nd6 12. Bxd5 Bxc2 13. Bb2 Be4 14. Bb3 Nc6 15. Ng5 Bd3 16. Rfd1 Bc4 17. Rac1 Bxb3 18. axb3 Nb5 19. Ne4 Nxb4 20. Rc5 c6 21. f4 Rfd8 22. g4 Rd5 23. Nc3 Rxc5 24. dxc5 Bxc3 25. Bxc3 Nxc3 26. Rd4 Ne2+ 27. Kf2 Nxd4 28. Kg3 Ne2+ 29. Kf3 Nc1 30. h4 Nxb3 31. g5 a5 0-1

[Event "IECG OP.2006.0.00126"]
[Site "IECG email"]
[Date "2006.08.23"]
[Round "?"]
[White "Neatham, Graeme"]
[Black "Herzog, Klaus"]
[Result "0-1"]
[WhiteElo "947"]
[BlackElo "2004"]
[PlyCount "42"]
[EventDate "2006.08.23"]
[EventType "tourn (corr)"]
[EventRounds "6"]
[SourceTitle "Corr 2008"]
[Source "ChessBase"]
[SourceDate "2008.06.24"]
[SourceVersion "1"]
[SourceVersionDate "2008.06.24"]
[SourceQuality "1"]

1. Nf3 Nc6 2. c4 Nf6 3. Nc3 e5 4. d3 d5 5. cxd5 Nxd5 6. Nxd5 Qxd5 7. e4 Bb4+ 8. Bd2 Qa5 9. a3 Bxd2+ 10. Qxd2 Qxd2+ 11. Kxd2 Bg4 12. Ne1 Nd4 13. Kc3 c5 14. f3 Be6 15. Nc2 Rc8 16. Nxd4 cxd4+ 17. Kd2 Bb3 18. Rc1 Rxc1 19. Kxc1 Ke7 20. g3 Rc8+ 21. Kb1 Rc2 0-1

[Event "IECG OP.2006.0.00111"]
[Site "IECG email"]
[Date "2006.08.06"]
[Round "?"]
[White "Biro, Adam"]
[Black "Neatham, Graeme"]
[Result "1-0"]
[WhiteElo "800"]
[BlackElo "947"]
[PlyCount "53"]
[EventDate "2006.08.06"]
[EventType "tourn (corr)"]
[EventRounds "6"]
[SourceTitle "Corr 2008"]
[Source "ChessBase"]
[SourceDate "2008.06.24"]
[SourceVersion "1"]
[SourceVersionDate "2008.06.24"]
[SourceQuality "1"]

1. e4 c6 2. d4 d5 3. e5 Bf5 4. Nc3 e6 5. Nf3 f6 6. Bd3 Bxd3 7. Qxd3 Nd7 8. 0-0 c5 9. Re1 cxd4 10. exf6 Ngxf6 11. Rxe6+ Be7 12. Qxd4 0-0 13. Nxd5 Nxd5 14. Qxd5 Nf6 15. Qxb7 Bc5 16. Bf4 Rf7 17. Qb3 Qd5 18. Qxd5 Nxd5 19. Bg3 Nf4 20. Re4 Raf8 21. Ne5 Re7 22. Rxf4 Rfe8 23. Re4 Bd6 24. Rae1 g5 25. f3 h5 26. Nd7 Rxe4 27. Rxe4 1-0